000 00840nam a22002177a 4500
999 _c19413
_d19413
003 AR-CdUCM
008 190517b ||||| |||| 00| 0 spa d
040 _aMUNICIPALIDAD PROVINCIAL DEL CUSCO
_cBIBLIOTECA MUNICIPAL DEL CUSCO
082 _24ed.
_a970.01 /
_bC23
100 _aCanals Frau, Salvador
_940737
245 _aPrehistoria de América /
260 _aBuenos Aires :
_bSudamericana,
_c1976.
300 _a604 páginas ;
_bIlustraciones,
_c23 cm.
505 _aContenido: Prehistoria general -- El poblamiento primitivo de américa -- Los primeros pobladores -- La segunda corriente de población -- La tercera corriente de población...
650 _aPrehistoria
_9685
650 _aIndígenas de América
_96317
650 _aArqueología
_9371
650 _aAmérica
_91348
942 _2ddc
_cLIBROS
945 _aacv
_d2019-05-17